000 00262nam a2200121 i 4500
001 bg
245 0 _aPhotobiology and biotechnology.
260 _aPoznaƄ,
_c1989.
040 _cBPK
041 _apol
942 _cKS
008 s pl f |000 0 pol
999 _c29005
_d29005
856 _uhttp://koha.tu.koszalin.pl/cgi-bin/koha/opac-detail.pl?biblionumber=29005
_yKatalog online BPK